| 000 | 02301cam a22005174i 4500 | ||
|---|---|---|---|
| 003 | PE-LiUPU | ||
| 005 | 20250731165528.0 | ||
| 008 | 150623s1978 sp a r 000 0 spa d | ||
| 020 | _a8470500589 | ||
| 035 | _a(Sirsi) i9788470500589 | ||
| 040 |
_aPE-LiUPU _bspa _cPE-LiUPU _erda |
||
| 049 | _aPRUA | ||
| 082 | 0 | 4 |
_a270.9 _bH _221 |
| 100 | 1 |
_aDe Moreau, E., _eautor. |
|
| 245 | 1 | 3 |
_aLa crisis religiosa del siglo XVI. _n18 / _cE. de Moreau, Pierre Jourda y Pierre Janelle. |
| 264 | 1 |
_aValencia, España : _bEdicep, _c1978. |
|
| 300 |
_a624 páginas : _bilustraciones ; _c28 centímetros. |
||
| 336 |
_atext _2rdacontent |
||
| 337 |
_aunmediated _2rdamedia |
||
| 338 |
_avolume _2rdacarrier |
||
| 490 | 0 |
_aHistoria de la iglesia ; _v16 |
|
| 505 | 0 | _aMartín Lutero hasta la ruptura con el catolicismo -- De la condena a la muerte de lutero -- Doctrinas y controversias en el seno del luteranismo -- El luteranismo fuera de Alemania -- La juventud de calvino -- La institución cristiana -- Calvino, jefe del calvinismo -- La personalidad de Calvino -- La difusión del calvinismo en Francia bajo Francisco I -- El calvinismo en los países bajos y las luchas religios -- El cisma anglicano. -El protentantismo en Inglaterra. -Renacimiento y final del catolicismo en Inglaterra. -La reforma en Escocia e Irlanda. | |
| 526 | _aSEG44 | ||
| 526 | _aSEG26 | ||
| 526 | _aP151 | ||
| 526 | _aP150 | ||
| 526 | _aP149 | ||
| 526 | _aP146 | ||
| 526 | _aP145 | ||
| 526 | _aP126 | ||
| 526 | _aP125 | ||
| 526 | _aP92 | ||
| 526 | _aP75 | ||
| 526 | _aP74 | ||
| 526 | _aP27 | ||
| 526 | _aP15 | ||
| 650 | 0 | 4 |
_aIglesia _xHistoria _yReforma. |
| 700 | 1 |
_aPierre Janelle, _eautor. |
|
| 700 | 1 |
_aPierre, Jorda, _eautor. |
|
| 942 |
_2ddc _cBOOK |
||
| 949 |
_aRC 270.9 H 18 _wDEWEY _c1 _i16418 _lCCODEBUL1 _mBUL _r0 _sY _tBOOK _u2015-6-24 _xTEOLOGIA _PP35 _0COMPRA _o.CIRCNOTE. No olvidar cambiar la fecha de devolución!!!!!!! _o.STAFF. Colección General |
||
| 994 |
_aC0 _bPEPRU |
||
| 596 | _a1 | ||
| 999 |
_aRC 270.9 H 18 _wDEWEY _c36505 _i16418 _d36505 _e2017-6-22 _f2021-11-8 _g6 _lCCODEBUL1 _mBUL _n1 _p20.00 _q2 _r1 _sY _tBOOK _u2015-6-24 _xTEOLOGIA _PP35 _0COMPRA _o.CIRCNOTE. No olvidar cambiar la fecha de devolución!!!!!!! _o.STAFF. Colección Teología |
||
| 980 |
_81 _gALBERTO SANCHEZ Responsable de Automatización |
||